000 00293nam a2200121Ia 4500
008 190216s9999||||xx |||||||||||||| ||und||
100 _aAbdurahiman O
245 0 _aMuslim Rajya Charithram
260 _bIslamic Book Service
_c1976
300 _a278p
650 _aIslamic History
942 _cBK
999 _c22066
_d22066